Grafos neuronales para la economía y la gestión de empresas /
Guardado en:
| Autor Principal: | |
|---|---|
| Otros Autores: | |
| Formato: | Libro |
| Idioma: | Spanish |
| Publicado: |
Madrid :
Pirámide,
c1995.
|
| Etiquetas: |
Agregar Etiqueta
Sin Etiquetas, Sea el primero en etiquetar este registro!
|
| LEADER | 00570nam a22001695a 4500 | ||
|---|---|---|---|
| 001 | MAT.inmabb003657 | ||
| 008 | 060202s1995####sp#a#####b####000#0#spa#d | ||
| 005 | 20170601174747.0 | ||
| 245 | 1 | 0 | |a Grafos neuronales para la economía y la gestión de empresas / |c Arnold Kaufmann, Jaime Gil Aluja. |
| 260 | |a Madrid : |b Pirámide, |c c1995. | ||
| 300 | |a 549 p. : |b il. ; |c 23 cm. | ||
| 504 | |a Bibliografía: p. [547]-549. | ||
| 020 | |a 8436809173 | ||
| 100 | 1 | |a Kaufmann, A. |q (Arnold), |d 1911- | |
| 700 | 1 | |a Gil Aluja, Jaime. | |
| 084 | |a 94-XX |2 msc2000 | ||
| 859 | |h 94 |i K21 |p A-7164 |b BIB. MATEMATICA | ||
